Eastern Utah Libraries Catalog: Duchesne, Heber, Roosevelt, & Vernal

My town = (Record no. 388429)

MARC details
000 -LEADER
fixed length control field 02860nam a22005771u 4500
001 - CONTROL NUMBER
control field playwb001223
003 - CONTROL NUMBER IDENTIFIER
control field UtOrBLW
005 - DATE AND TIME OF LATEST TRANSACTION
control field 20231211151919.0
006 - FIXED-LENGTH DATA ELEMENTS--ADDITIONAL MATERIAL CHARACTERISTICS--GENERAL INFORMATION
fixed length control field m cq h
007 - PHYSICAL DESCRIPTION FIXED FIELD--GENERAL INFORMATION
fixed length control field cs nzannnauuuu
007 - PHYSICAL DESCRIPTION FIXED FIELD--GENERAL INFORMATION
fixed length control field sz zunznnnzned
008 - FIXED-LENGTH DATA ELEMENTS--GENERAL INFORMATION
fixed length control field 230605s2023 ohua a 000 eng d
020 ## - INTERNATIONAL STANDARD BOOK NUMBER
Cancelled/invalid ISBN 9780593109915
Qualifying information (print)
020 ## - INTERNATIONAL STANDARD BOOK NUMBER
International Standard Book Number 9798822674639
Qualifying information (Wonderbook) :
Terms of availability $56.99
028 01 - PUBLISHER NUMBER
Publisher number WB001223
Source Playaway Products
035 ## - SYSTEM CONTROL NUMBER
System control number (OCoLC)1389416400
040 ## - CATALOGING SOURCE
Original cataloging agency UtOrBLW
Language of cataloging eng
Description conventions rda
Transcribing agency UtOrBLW
041 0# - LANGUAGE CODE
Language code of text/sound track or separate title eng
-- spa
050 #4 - LIBRARY OF CONGRESS CALL NUMBER
Classification number PZ73
Item number .S655115 2023
082 04 - DEWEY DECIMAL CLASSIFICATION NUMBER
Classification number [E]
Edition number 23
100 1# - MAIN ENTRY--PERSONAL NAME
Personal name Solis, Nicholas,
Relator term author.
9 (RLIN) 6474355
245 10 - TITLE STATEMENT
Title My town =
Remainder of title Mi pueblo /
Statement of responsibility, etc Nicholas Solis.
264 #1 - Production, Publication, Distribution, Manufacture, and Copyright Notice.
Place of production, publication, distribution, manufacture Solon, Ohio :
Name of producer, publisher, distributor, manufacturer Playaway Products, LLC,
Date of production, publication, distribution, manufacture, or copyr [2023]
300 ## - PHYSICAL DESCRIPTION
Extent 1 Wonderbook :
Other physical details color illustrations ;
Dimensions cm.
336 ## - Content Type
Content type term spoken word
336 ## - Content Type
Content type term still image
337 ## - Media type
Media type term audio
337 ## - Media type
Media type term unmediated
338 ## - Carrier type
Carrier type term other
338 ## - Carrier type
Carrier type term volume
344 ## -
-- digital
-- non-volatile flash memory
-- rda
347 ## -
-- audio file
-- MP3
-- rda
500 ## - GENERAL NOTE
General note Title supplied by publisher.
500 ## - GENERAL NOTE
General note Release date supplied by publisher.
500 ## - GENERAL NOTE
General note Issued as a Wonderbook, a pre-loaded audiobook player permanently attached to a hardcover book.
500 ## - GENERAL NOTE
General note Powered by a rechargeable battery ; USB charger required for recharging.
500 ## - GENERAL NOTE
General note Audiobook player has 2 modes. Read-Along mode narrates the story. Learning mode asks questions related to the story.
500 ## - GENERAL NOTE
General note Print book published by Penguin Random House.
500 ## - GENERAL NOTE
General note Audiobook originally released by Penguin Random House.
511 0# - PARTICIPANT OR PERFORMER NOTE
Participant or performer note Narrated by Oscar Emmanuel Fabela.
521 2# - TARGET AUDIENCE NOTE
Target audience note Pre-K to 2.
520 ## - SUMMARY, ETC.
Summary, etc Two cousins live in two towns, separated by a river. But there is also a bigger divide--the US-Mexico border--which means they live in different countries. On the girl's side, English is the main language, and on the boy's it's Spanish. The cousins love their towns, and they love visiting each other's, where they notice some things are the same and some are wonderfully different, adding up to a vibrant world full of even more possibilities. Author Nicholas Solis shows how border towns are special places, beautiful and dynamic, because two cultures can be better than one--and both cultures should be equally treasured and respected.
546 ## - LANGUAGE NOTE
Language note Text in English and Spanish.
650 #0 - SUBJECT ADDED ENTRY--TOPICAL TERM
Topical term or geographic name as entry element Cousins
Form subdivision Juvenile fiction.
9 (RLIN) 5676179
650 #0 - SUBJECT ADDED ENTRY--TOPICAL TERM
Topical term or geographic name as entry element City and town life
Form subdivision Juvenile fiction.
9 (RLIN) 5686161
655 #7 - INDEX TERM--GENRE/FORM
Genre/form data or focus term Picture books.
Source of term lcgft
655 #7 - INDEX TERM--GENRE/FORM
Genre/form data or focus term Children's audiobooks.
Source of term lcgft
9 (RLIN) 5675081
700 1# - ADDED ENTRY--PERSONAL NAME
Personal name Fabela, Oscar Emmanuel,
Relator term narrator.
9 (RLIN) 6478380
700 1# - ADDED ENTRY--PERSONAL NAME
Personal name Uribe, Luisa,
Relator term illustrator.
9 (RLIN) 6420212
710 2# - ADDED ENTRY--CORPORATE NAME
Corporate name or jurisdiction name as entry element Playaway Products, LLC,
Relator term issuing body.
9 (RLIN) 6466400
Holdings
Withdrawn status Lost status Source of classification or shelving scheme Damaged status Not for loan Collection code Home library Current library Shelving location Date acquired Source of acquisition Total Checkouts Total Renewals Full call number Barcode Date last seen Date checked out Cost, replacement price Price effective from Koha item type
    Dewey Decimal Classification     Spanish Children Audiobook Wasatch County Library Wasatch County Library First Floor 05/03/2024 Playaway 13 16 E Wonder Solis 34301002007591 03/07/2026 01/06/2026 50.00 05/03/2024 Wonderbook
This project was made possible through a grant from the Institute of Museum and Library Service administered by the Utah State Library Division.

Wasatch County Library

  • 465 East 1200 South, Heber City, Utah 84032
  • Phone 435-654-1511 | Fax 435-654-6456

Hours

  • Monday - Friday 9:30 AM - 8:00 PM
  • Saturday 9:30 AM - 1:30 PM
  • Closed Sundays and Holidays